000 00442nam a22001337a 4500
040 _cNUST
082 _a200 THE
100 _aZawar Anwar
_9101887
110 _aSupervisor Dr. Ahmad Rauf Subhan
_9101888
245 _aTH-SOF-2063-Prediction and Classification of Parkinson's Disease Severity In Patients Using Electroencephalogram Signals
260 _aISLAMABAD:
_bNUST COLLEGE OF EME,
_c2022.
650 _aMS-ELECT-18
942 _2ddc
_cTHE
999 _c592143
_d592143